000 00634nam a2200193 a 4500
003 PILC
005 20160315154130.0
008 111105s19uu xx 00 eng d
020 _a9781934670385
050 _aGC 11.2
_b.B512 2009
100 _aBerkenkamp, Lauri.
245 _aDiscover the oceans :
_bthe world's largest ecosystem /
_cLauri Berkenkamp.
260 _aWhite River Junction, VT :
_bNomad Press,
_c2009.
300 _a92 pages :
_billustrations (some color) ;
_c26 cm.
500 _aIncludes glossary, bibliographical references and index.
650 _aOcean
_xEcosystem.
942 _cBK
_2lcc
_kFOR
999 _c24483
_d24483